[Event "St Jean CC-ch"]
[Site "St-Jean-sur-Richelieu CAN"]
[Date "2002.03.20"]
[Round "5"]
[White "Kowalyszyn, Miguel"]
[Black "Barre, Michel"]
[Result "0-1"]
[WhiteElo "1598"]
[BlackElo "1969"]
[PlyCount "56"]
[EventDate "2002.02.20"]
[EventType "swiss"]
[EventRounds "6"]
[EventCountry "CAN"]

1. d4 d6 2. Nf3 Nf6 3. c4 Nbd7 4. Nc3 e5 5. Qc2 c6 6. Bg5 Be7 7. e3 h6 8. Bh4
a5 9. Bd3 O-O 10. O-O Nh5 11. Bxe7 Qxe7 12. Ne2 Nhf6 13. Ng3 g6 14. Rfe1 Re8
15. Ne4 Nxe4 16. Bxe4 f5 17. Bxf5 gxf5 18. Qxf5 Nf6 19. Qc2 e4 20. Nd2 Qg7 21.
f3 Bf5 22. fxe4 Nxe4 23. Nxe4 Bxe4 24. Qd2 d5 25. Rf1 Re6 26. Rf4 Rg6 27. g3
Re8 28. Raf1 Rxg3+ 0-1

[Event "St Jean CC-ch"]
[Site "St-Jean-sur-Richelieu CAN"]
[Date "2002.03.20"]
[Round "5"]
[White "Maxant, Joseph"]
[Black "Audet, Michel"]
[Result "0-1"]
[WhiteElo "1733"]
[BlackElo "1738"]
[PlyCount "110"]
[EventDate "2002.02.20"]
[EventType "swiss"]
[EventRounds "6"]
[EventCountry "CAN"]

1. e4 c5 2. c3 e6 3. d4 Qb6 4. Nf3 Nf6 5. Bd3 Be7 6. O-O d6 7. Na3 a6 8. Qc2
Nc6 9. Nc4 Qc7 10. a4 Rb8 11. a5 cxd4 12. cxd4 d5 13. exd5 Nxd5 14. Nce5 Nxe5
15. dxe5 Qxc2 16. Bxc2 Bd7 17. Bd2 O-O 18. Rfc1 Rfd8 19. Be4 Bc6 20. Rc2 f6 21.
Rac1 f5 22. Bd3 Nb4 23. Bxb4 Bxb4 24. Bc4 Bd5 25. Ng5 Bxc4 26. Rxc4 Bd2 27.
Nxe6 Bxc1 28. Nxd8 Bxb2 29. Ne6 Re8 30. Nc5 Rxe5 31. Kf1 Re7 32. Nd3 Bf6 33. g3
Kf7 34. Nf4 Rd7 35. Ke2 Bd8 36. Rc5 g6 37. Nd3 Rd6 38. Kd2 b6 39. Rc6 Ke6 40.
Rxd6+ Kxd6 41. axb6 Bxb6 42. f3 a5 43. g4 Kd5 44. gxf5 gxf5 45. Nf4+ Ke5 46.
Nd3+ Kd4 47. Nb2 Bc7 48. h3 Bf4+ 49. Ke2 Kc3 50. Na4+ Kb4 51. Nb6 Bh6 52. Kd3
a4 53. Kc2 a3 54. Nd5+ Kc4 55. Nf6 a2 0-1

[Event "St Jean CC-ch"]
[Site "St-Jean-sur-Richelieu CAN"]
[Date "2002.03.20"]
[Round "5"]
[White "Morin, Gaetan"]
[Black "Mongeau, Diane"]
[Result "1/2-1/2"]
[WhiteElo "1693"]
[BlackElo "1892"]
[PlyCount "147"]
[EventDate "2002.02.20"]
[EventType "swiss"]
[EventRounds "6"]
[EventCountry "CAN"]

1. e4 c5 2. Nf3 g6 3. d4 Bg7 4. c3 cxd4 5. cxd4 d5 6. exd5 Nf6 7. Bb5+ Nbd7 8.
d6 O-O 9. O-O exd6 10. Bf4 Nb6 11. Nc3 Nbd5 12. Bg5 Nxc3 13. bxc3 Qa5 14. Qb3
Ne4 15. Rfe1 Be6 16. Qa4 Qxa4 17. Bxa4 Nxc3 18. Bb3 Bxb3 19. axb3 Nb5 20. Re7
Nxd4 21. Nxd4 Bxd4 22. Rd1 Bc5 23. Rxb7 Rfb8 24. Rxb8+ Rxb8 25. Rd3 a5 26. Kf1
Kf8 27. Ke2 Ke8 28. Bd2 Bb4 29. Bxb4 Rxb4 30. Rxd6 Rxb3 31. Ra6 Ra3 32. Ra7 a4
33. g4 Kf8 34. g5 Kg7 35. Kf1 Ra1+ 36. Kg2 a3 37. h4 Kf8 38. Kh2 Ke8 39. Kg2 a2
40. Kf3 Rh1 41. Rxa2 Rxh4 42. Kg3 Rh5 43. Ra5 h6 44. Ra8+ Ke7 45. gxh6 Rxh6 46.
Ra7+ Kf6 47. Rb7 Rh5 48. Ra7 Rf5 49. f4 Rh5 50. Rb7 Rh1 51. Ra7 Rg1+ 52. Kf3
Re1 53. Rb7 Re7 54. Rb6+ Kg7 55. Kg4 f6 56. Ra6 Rf7 57. Rb6 Kh6 58. Rb1 Rd7 59.
Rh1+ Kg7 60. Kf3 Rd5 61. Ra1 Kh6 62. Kg4 f5+ 63. Kh4 Rd4 64. Kg3 Rd3+ 65. Kf2
Kh5 66. Rh1+ Kg4 67. Rg1+ Kxf4 68. Rxg6 Rd2+ 69. Ke1 Ra2 70. Rb6 Ra3 71. Kf2
Rc3 72. Rb4+ Kg5 73. Ra4 f4 74. Ra8 1/2-1/2

[Event "St Jean CC-ch"]
[Site "St-Jean-sur-Richelieu CAN"]
[Date "2002.03.20"]
[Round "5"]
[White "Robichaud, Jocelyn"]
[Black "Bellerose, Robert"]
[Result "0-1"]
[WhiteElo "1473"]
[BlackElo "1731"]
[PlyCount "70"]
[EventDate "2002.02.20"]
[EventType "swiss"]
[EventRounds "6"]
[EventCountry "CAN"]

1. e4 e5 2. Nf3 Nc6 3. Bb5 a6 4. Bxc6 bxc6 5. Nxe5 Qe7 6. Nf3 Qxe4+ 7. Qe2
Qxe2+ 8. Kxe2 d5 9. h3 Bd6 10. Re1 Ne7 11. d3 O-O 12. Nbd2 Bd7 13. Nb3 a5 14.
Be3 a4 15. Nc5 Bc8 16. b4 Nf5 17. Kd2 Nxe3 18. Rxe3 Bf4 19. Ne5 Bxe3+ 20. fxe3
f6 21. Nxc6 Kf7 22. a3 Ba6 23. Re1 Bb5 24. Nd4 c6 25. e4 dxe4 26. Nxe4 Rad8 27.
c3 Rfe8 28. Re3 h6 29. Nf5 Re6 30. c4 Bxc4 31. Kc3 Bd5 32. Rg3 g5 33. Nc5 Re2
34. Nxh6+ Kg6 35. Ng4 Ra2 0-1

[Event "St Jean CC-ch"]
[Site "St-Jean-sur-Richelieu CAN"]
[Date "2002.03.20"]
[Round "6"]
[White "Boucher, Bruno"]
[Black "Kowalyszyn, Miguel"]
[Result "0-1"]
[WhiteElo "1554"]
[BlackElo "1598"]
[PlyCount "62"]
[EventDate "2002.02.20"]
[EventType "swiss"]
[EventRounds "6"]
[EventCountry "CAN"]

1. Nf3 d5 2. g3 Nf6 3. Bg2 Bg4 4. d4 Nbd7 5. c3 e6 6. Nbd2 Bd6 7. O-O O-O 8.
Re1 c5 9. e4 dxe4 10. Nxe4 Nxe4 11. Rxe4 Nf6 12. Re1 Qb6 13. dxc5 Bxc5 14. Qe2
Rad8 15. Bg5 e5 16. h3 Bf5 17. Be3 Bd3 18. Bxc5 Qxc5 19. Qxe5 Qb6 20. b3 Rfe8
21. Qf4 Ne4 22. Nd4 Nxc3 23. Rxe8+ Rxe8 24. Bf3 g6 25. a4 Rd8 26. Rc1 Rxd4 27.
Qd2 Ne4 28. Bxe4 Bxe4 29. Rc8+ Kg7 30. Qc3 Qf6 31. Qe1 Qf3 0-1

[Event "St Jean CC-ch"]
[Site "St-Jean-sur-Richelieu CAN"]
[Date "2002.03.20"]
[Round "6"]
[White "Maxant, Joseph"]
[Black "Bellerose, Robert"]
[Result "1-0"]
[WhiteElo "1733"]
[BlackElo "1731"]
[PlyCount "114"]
[EventDate "2002.02.20"]
[EventType "swiss"]
[EventRounds "6"]
[EventCountry "CAN"]

1. e4 c5 2. c3 d6 3. d4 Nf6 4. dxc5 dxc5 5. Qxd8+ Kxd8 6. e5 Nd5 7. Bc4 e6 8.
Nf3 Nb6 9. Be2 Nc6 10. O-O h6 11. Re1 a6 12. a4 Nd7 13. Bd3 g5 14. h3 Bg7 15.
Na3 Ncxe5 16. Nxe5 Nxe5 17. Bc2 b6 18. f4 gxf4 19. Bxf4 Nd7 20. Nc4 Bf8 21.
Rad1 Ke8 22. Be4 Ra7 23. Bc6 Ke7 24. Bd6+ Kf6 25. Bxd7 Bxd6 26. Bxc8 Bg3 27.
Re3 Bc7 28. Bd7 Rd8 29. Red3 Rb7 30. Bc6 Rbb8 31. Rxd8 Rxd8 32. Rxd8 Bxd8 33.
Kf2 Bc7 34. Kf3 Kg5 35. Na3 f5 36. Bb7 a5 37. Nc4 h5 38. Bc8 Kf6 39. Ne3 h4 40.
Nf1 Bd6 41. Ne3 Bg3 42. Bb7 Bb8 43. Bc8 Bg3 44. Nd1 Bc7 45. Nf2 Bd6 46. Nd3 e5
47. Ke3 Kg5 48. Bb7 Bc7 49. Ne1 e4 50. Nc2 Bf4+ 51. Ke2 Bc1 52. b3 Kf6 53. Ne3
Bxe3 54. Kxe3 Ke5 55. Bc8 f4+ 56. Ke2 Kd5 57. Bf5 Ke5 1-0

[Event "St Jean CC-ch"]
[Site "St-Jean-sur-Richelieu CAN"]
[Date "2002.03.20"]
[Round "6"]
[White "McAlpin, John-Francis"]
[Black "Audet, Michel"]
[Result "1-0"]
[WhiteElo "1885"]
[BlackElo "1738"]
[PlyCount "61"]
[EventDate "2002.02.20"]
[EventType "swiss"]
[EventRounds "6"]
[EventCountry "CAN"]

1. d4 Nf6 2. c4 g6 3. Nc3 Bg7 4. e4 d6 5. f3 c6 6. Bd3 a5 7. Nge2 Nbd7 8. Be3
e5 9. d5 h5 10. Qd2 Nc5 11. Nc1 Bd7 12. Rb1 Nh7 13. O-O Nxd3 14. Nxd3 c5 15. b3
O-O 16. a3 f5 17. b4 f4 18. Bf2 cxb4 19. axb4 Bf6 20. bxa5 Qc8 21. c5 Bd8 22.
Rfc1 Bxa5 23. Qb2 Ra6 24. cxd6 Qe8 25. Qxb7 Bc8 26. Qe7 Bxc3 27. Rxc3 Ra2 28.
Rc7 Qf7 29. Qxf7+ Rxf7 30. Rxc8+ Kg7 31. Nxe5 1-0

[Event "St Jean CC-ch"]
[Site "St-Jean-sur-Richelieu CAN"]
[Date "2002.03.20"]
[Round "6"]
[White "Royer, Christian"]
[Black "Robichaud, Jocelyn"]
[Result "0-1"]
[WhiteElo "1205"]
[BlackElo "1473"]
[PlyCount "108"]
[EventDate "2002.02.20"]
[EventType "swiss"]
[EventRounds "6"]
[EventCountry "CAN"]

1. d4 d5 2. Nf3 Nf6 3. h3 h6 4. e3 Nbd7 5. Bd3 c6 6. O-O e6 7. c3 c5 8. Nbd2 c4
9. Bc2 Bd6 10. e4 dxe4 11. Nxe4 Nxe4 12. Bxe4 Nf6 13. Re1 Nxe4 14. Rxe4 Bd7 15.
Bd2 O-O 16. Qc2 Bc6 17. Re2 Bxf3 18. gxf3 Qh4 19. Kg2 Bf4 20. Bxf4 Qxf4 21. Qe4
Qc7 22. Rg1 Rad8 23. Kf1 Rd5 24. f4 Rf5 25. Qg2 g6 26. Re5 Kh7 27. Rxe6 Qxf4
28. Re1 Qd2 29. f3 Qd3+ 30. Kf2 Qc2+ 31. Kf1 Qa4 32. a3 Qc6 33. Kf2 Rd8 34. Re2
Rd6 35. Re5 Rdf6 36. Rxf5 Rxf5 37. Re1 Qf6 38. Re3 Qh4+ 39. Qg3 Qxg3+ 40. Kxg3
Rb5 41. Re2 g5 42. Rd2 Rd5 43. Re2 Kg6 44. Re5 Rxe5 45. dxe5 Kf5 46. h4 b5 47.
hxg5 hxg5 48. e6 fxe6 49. Kf2 Kf4 50. Ke2 e5 51. Kf2 e4 52. fxe4 Kxe4 53. Ke2
g4 54. Kf2 Kd3 0-1

[Event "Summer op"]
[Site "Edmonton CAN"]
[Date "2002.07.04"]
[Round "1"]
[White "Hughey, Micah"]
[Black "Kazakevich, Alexander"]
[Result "1-0"]
[WhiteElo "2056"]
[BlackElo "1689"]
[PlyCount "65"]
[EventDate "2002.07.04"]
[EventType "swiss"]
[EventRounds "4"]
[EventCountry "CAN"]

1. Nf3 d5 2. d4 c6 3. e3 Bg4 4. c4 e6 5. Qb3 Qc7 6. Ne5 Nf6 7. Nxg4 Nxg4 8. Be2
dxc4 9. Bxc4 Be7 10. Nc3 Nd7 11. Bd2 Nb6 12. Be2 Nf6 13. Rc1 Qd7 14. O-O O-O
15. Rfd1 Nbd5 16. f3 a5 17. Na4 b5 18. Nc5 Qa7 19. e4 Nb4 20. Be3 Rac8 21. Rc3
Na6 22. Nxa6 Qxa6 23. Rdc1 Qa8 24. Qc2 b4 25. Rxc6 Rxc6 26. Qxc6 Qxc6 27. Rxc6
Ra8 28. Ba6 Kf8 29. Kf1 Ke8 30. Bb5 Kd8 31. d5 exd5 32. Bb6+ Kd7 33. Rxf6+ 1-0

[Event "Summer op"]
[Site "Edmonton CAN"]
[Date "2002.07.04"]
[Round "1"]
[White "Wihnon, Jason"]
[Black "Ventura, Jason"]
[Result "1/2-1/2"]
[WhiteElo "1826"]
[BlackElo "1687"]
[PlyCount "84"]
[EventDate "2002.07.04"]
[EventType "swiss"]
[EventRounds "4"]
[EventCountry "CAN"]

1. e4 e5 2. Nf3 Nc6 3. Bb5 a6 4. Bxc6 dxc6 5. O-O Bd6 6. d4 Bg4 7. dxe5 Bxf3 8.
Qxf3 Bxe5 9. Rd1 Qh4 10. g3 Qf6 11. Qxf6 Bxf6 12. e5 Be7 13. Be3 h5 14. Nc3 Nh6
15. Bxh6 Rxh6 16. Ne4 Rg6 17. h3 Re6 18. f4 f6 19. exf6 Rxe4 20. fxe7 Re2 21.
Rac1 Kxe7 22. Re1 Rxe1+ 23. Rxe1+ Kf6 24. Rd1 Re8 25. Kf2 Re7 26. Rd3 c5 27.
Rd5 h4 28. g4 b6 29. Rf5+ Ke6 30. Re5+ Kf6 31. Rxe7 Kxe7 32. c4 c6 33. Ke3 Kf6
34. Ke4 b5 35. g5+ Kg6 36. Ke5 bxc4 37. Ke6 a5 38. a4 c3 39. bxc3 c4 40. Ke5
Kh5 41. Kf5 c5 42. Ke6 g6 1/2-1/2

[Event "Summer op"]
[Site "Edmonton CAN"]
[Date "2002.07.11"]
[Round "2"]
[White "Schech, Roland"]
[Black "Hughey, Micah"]
[Result "0-1"]
[WhiteElo "1701"]
[BlackElo "2056"]
[PlyCount "72"]
[EventDate "2002.07.04"]
[EventType "swiss"]
[EventRounds "4"]
[EventCountry "CAN"]

1. e4 e5 2. f4 Bc5 3. Nf3 d6 4. d4 exd4 5. Bd3 Nf6 6. O-O Nc6 7. Kh1 Qe7 8. c3
dxc3 9. Nxc3 O-O 10. Qc2 Nb4 11. Qd1 Ng4 12. Qe2 Nxd3 13. Qxd3 Nf2+ 14. Rxf2
Bxf2 15. e5 dxe5 16. Nxe5 Be6 17. Qf3 Bd4 18. Nd5 Bxd5 19. Qxd5 Bxe5 20. fxe5
Rad8 21. Qf3 Qxe5 22. Bf4 Qd5 23. Qf1 Qd3 24. Qc1 c5 25. h3 c4 26. Kh2 Rfe8 27.
Qg1 Re2 28. b4 c3 29. a4 c2 30. Qxa7 Qf3 31. Qg1 Qxf4+ 32. Kh1 Rxg2 33. Rf1
Rxg1+ 34. Rxg1 Rd1 35. Kg2 Rd2+ 36. Kh1 Rh2# 0-1

[Event "Summer op"]
[Site "Edmonton CAN"]
[Date "2002.07.11"]
[Round "2"]
[White "Wihnon, Jason"]
[Black "MacNab, John"]
[Result "1-0"]
[WhiteElo "1826"]
[BlackElo "1698"]
[PlyCount "29"]
[EventDate "2002.07.04"]
[EventType "swiss"]
[EventRounds "4"]
[EventCountry "CAN"]

1. e4 c5 2. Nf3 d6 3. d4 cxd4 4. Nxd4 Nf6 5. Nc3 e6 6. Be3 Be7 7. f3 O-O 8. Bc4
Nc6 9. Qd2 Bd7 10. O-O-O Rc8 11. Bb3 Ne5 12. Ndb5 Nc4 13. Bxc4 Rxc4 14. Nxd6
Qa5 15. Nxc4 1-0

[Event "Summer op"]
[Site "Edmonton CAN"]
[Date "2002.07.18"]
[Round "3"]
[White "Hughey, Micah"]
[Black "Culjaga, Nikolai"]
[Result "1-0"]
[WhiteElo "2056"]
[BlackElo "1701"]
[PlyCount "59"]
[EventDate "2002.07.04"]
[EventType "swiss"]
[EventRounds "4"]
[EventCountry "CAN"]

1. d4 d5 2. Nf3 e6 3. e3 c5 4. c3 Nc6 5. Bd3 Nf6 6. Nbd2 Bd7 7. O-O Qc7 8. Qe2
c4 9. Bc2 b5 10. e4 Bc8 11. a4 b4 12. exd5 Nxd5 13. Qxc4 a5 14. Ne5 Ra6 15. Be4
Qd6 16. Re1 Be7 17. Ndf3 f6 18. Nd3 Kf7 19. Nc5 Rb6 20. Bd2 g5 21. g3 h5 22.
Qd3 f5 23. Bxd5 Qxd5 24. Nxg5+ Bxg5 25. Bxg5 Ne7 26. Bxe7 Kxe7 27. Re5 Qc6 28.
Qxf5 Rh6 29. Qg5+ Rf6 30. Ne4 1-0

[Event "Summer op"]
[Site "Edmonton CAN"]
[Date "2002.07.18"]
[Round "3"]
[White "Pua, Richard"]
[Black "Gardner, Robert"]
[Result "0-1"]
[WhiteElo "2252"]
[BlackElo "1643"]
[PlyCount "42"]
[EventDate "2002.07.04"]
[EventType "swiss"]
[EventRounds "4"]
[EventCountry "CAN"]

1. d4 d5 2. c4 e6 3. Nc3 c6 4. e3 Bd6 5. Nf3 Nd7 6. Bd3 Ngf6 7. O-O O-O 8. e4
dxc4 9. Bxc4 Be7 10. Re1 Re8 11. b3 b5 12. Bd3 Bb4 13. Bb2 e5 14. dxe5 Ng4 15.
Qc2 Ndxe5 16. Nxe5 Rxe5 17. h3 Qh4 18. hxg4 Bxg4 19. g3 Qh1+ 20. Kxh1 Bf3+ 21.
Kg1 Rh5 0-1

[Event "Summer op"]
[Site "Edmonton CAN"]
[Date "2002.07.25"]
[Round "4"]
[White "Gardner, Robert"]
[Black "Hughey, Micah"]
[Result "1-0"]
[WhiteElo "2252"]
[BlackElo "2056"]
[PlyCount "53"]
[EventDate "2002.07.04"]
[EventType "swiss"]
[EventRounds "4"]
[EventCountry "CAN"]

1. e4 e5 2. f4 Bc5 3. Nf3 d6 4. c3 Nf6 5. d4 exd4 6. cxd4 Bb4+ 7. Bd2 Bxd2+ 8.
Nbxd2 Qe7 9. Bd3 O-O 10. Qe2 Bg4 11. O-O Nc6 12. Nb3 Nb4 13. Bb1 Rfe8 14. e5 c5
15. a3 Nbd5 16. Qd2 cxd4 17. Qxd4 Bxf3 18. exf6 Qe2 19. Rxf3 Ne3 20. Qd2 Nxg2
21. Qxe2 Rxe2 22. Rf2 Rxf2 23. Kxf2 Nxf4 24. fxg7 Kxg7 25. Be4 f5 26. Bxf5 Rf8
27. Nd4 1-0

[Event "Summer op"]
[Site "Edmonton CAN"]
[Date "2002.07.25"]
[Round "4"]
[White "Schech, Roland"]
[Black "Boik, Andrew"]
[Result "1-0"]
[WhiteElo "1701"]
[BlackElo "1617"]
[PlyCount "73"]
[EventDate "2002.07.04"]
[EventType "swiss"]
[EventRounds "4"]
[EventCountry "CAN"]

1. e4 c5 2. f4 d6 3. Nf3 Nc6 4. c3 Bg4 5. Be2 g6 6. O-O Bg7 7. Na3 e5 8. d3
Nge7 9. Be3 O-O 10. Nc2 Re8 11. h3 Bd7 12. Qd2 f5 13. fxe5 Nxe5 14. d4 cxd4 15.
Ncxd4 fxe4 16. Nxe5 Bxe5 17. Bg5 Qb6 18. Rf2 Nf5 19. Bc4+ Kh8 20. Rxf5 Bxf5 21.
Be3 Qc7 22. Bb3 Qd7 23. Nxf5 Qxf5 24. Rf1 Bh2+ 25. Kxh2 Qxf1 26. Qxd6 Rg8 27.
Bd4+ Rg7 28. Qe5 Qf8 29. Qxe4 Re8 30. Qg4 h5 31. Qd1 Kh7 32. Bc2 Rge7 33. Qxh5+
Kg8 34. Qh8+ Kf7 35. Qf6+ Kg8 36. Qxg6+ Rg7 37. Bb3+ 1-0

[Event "Summer op"]
[Site "Edmonton CAN"]
[Date "2002.07.25"]
[Round "4"]
[White "Wihnon, Jason"]
[Black "Pua, Richard"]
[Result "1/2-1/2"]
[WhiteElo "1826"]
[BlackElo "1643"]
[PlyCount "86"]
[EventDate "2002.07.04"]
[EventType "swiss"]
[EventRounds "4"]
[EventCountry "CAN"]

1. e4 e5 2. Nf3 Nf6 3. Nxe5 d6 4. Nf3 Nxe4 5. d4 d5 6. Bd3 Bd6 7. O-O O-O 8.
Nbd2 Bf5 9. Ng5 Bxh2+ 10. Kxh2 Qxg5 11. Nxe4 Qh4+ 12. Kg1 Bxe4 13. Bxe4 dxe4
14. Re1 Nd7 15. Qe2 Rfe8 16. Qb5 Nb6 17. Re3 c6 18. Qe2 Nd5 19. Rh3 Nf4 20.
Bxf4 Qxf4 21. Qh5 h6 22. Re1 Rad8 23. Rh4 Qg5 24. Qxg5 hxg5 25. Rhxe4 Kf8 26.
Rxe8+ Rxe8 27. Rxe8+ Kxe8 28. Kf1 Kd7 29. Ke2 Ke6 30. Ke3 f5 31. c4 b6 32. b3
a6 33. g4 g6 34. Kd3 Kd6 35. Kc3 Kc7 36. f3 Kd6 37. Kd3 Ke6 38. b4 Kd6 39. Kc3
Ke6 40. c5 b5 41. a3 Kd5 42. Kd3 Ke6 43. Kd2 Kd5 1/2-1/2

[Event "Thanksgiving op"]
[Site "Toronto CAN"]
[Date "2002.10.12"]
[Round "1"]
[White "Buscar, Michael"]
[Black "Findlay, Ian"]
[Result "1/2-1/2"]
[WhiteElo "2057"]
[BlackElo "2368"]
[PlyCount "93"]
[EventDate "2002.10.12"]
[EventType "swiss"]
[EventRounds "6"]
[EventCountry "CAN"]

1. d4 Nf6 2. c4 c5 3. e3 e6 4. Nc3 d5 5. Nf3 Nc6 6. Bd3 cxd4 7. exd4 dxc4 8.
Bxc4 Be7 9. O-O O-O 10. a3 b6 11. Re1 Bb7 12. Bd3 Nd5 13. Bc2 Rc8 14. Qd3 g6
15. h4 Nxc3 16. bxc3 Bxh4 17. Nxh4 Qxh4 18. Re3 Rfd8 19. Rh3 Qf6 20. Be3 e5 21.
Qd2 Qd6 22. Rd1 exd4 23. cxd4 Na5 24. Bd3 Qd5 25. f3 Nc4 26. Bxc4 Rxc4 27. Qf2
Qe6 28. Re1 Qf6 29. Qg3 Re8 30. Kh2 Rcc8 31. Rh4 Bd5 32. Bg5 Qf5 33. Re5 Rxe5
34. dxe5 Rc2 35. Rd4 Rc5 36. Bf6 h5 37. Qh4 Kh7 38. Qe1 g5 39. Qd1 Rc2 40. Qd3
Qxd3 41. Rxd3 Bc4 42. Rd8 g4 43. Kg3 gxf3 44. Kf4 Be6 45. Rh8+ Kg6 46. Rg8+ Kh7
47. Rh8+ 1/2-1/2

[Event "Thanksgiving op"]
[Site "Toronto CAN"]
[Date "2002.10.12"]
[Round "1"]
[White "Kagramanov, Dina"]
[Black "Manalo, Pepin"]
[Result "1-0"]
[WhiteElo "2109"]
[BlackElo "1836"]
[PlyCount "65"]
[EventDate "2002.10.12"]
[EventType "swiss"]
[EventRounds "6"]
[EventCountry "CAN"]

1. e4 c5 2. Nf3 d6 3. d4 cxd4 4. Qxd4 Nc6 5. Bb5 Qa5+ 6. Nc3 Bd7 7. Bxc6 Bxc6
8. O-O Nf6 9. a4 e5 10. Qd3 Be7 11. Rb1 Qb4 12. Re1 O-O 13. Bd2 Qb6 14. b4 Rad8
15. Be3 Qc7 16. b5 Bd7 17. b6 Qc6 18. bxa7 Ng4 19. Nd5 Rde8 20. Nb6 Nxe3 21.
Rxe3 Be6 22. Qd2 f5 23. exf5 Bxf5 24. Rc3 Qe4 25. Rc4 Qxc4 26. Nxc4 Be4 27. Ng5
Bc6 28. Ne6 Rf5 29. Nc7 Bg5 30. Nxe8 Bxd2 31. a8=Q Rf8 32. Nxd2 Rxe8 33. Qa5
1-0

[Event "Thanksgiving op"]
[Site "Toronto CAN"]
[Date "2002.10.12"]
[Round "1"]
[White "Nickoloff, Bryon"]
[Black "Harkes, Lewis"]
[Result "1-0"]
[WhiteElo "2472"]
[BlackElo "2085"]
[PlyCount "48"]
[EventDate "2002.10.12"]
[EventType "swiss"]
[EventRounds "6"]
[EventCountry "CAN"]

1. d4 Nf6 2. c4 e6 3. Nc3 c5 4. d5 exd5 5. cxd5 d6 6. e4 g6 7. Nf3 a6 8. a4 Bg4
9. Qb3 Bxf3 10. Qxb7 Bxg2 11. Bxg2 Nbd7 12. O-O Nh5 13. Bh3 f5 14. exf5 Rb8 15.
Qxa6 Qh4 16. Qe2+ Be7 17. Qg4 Rb4 18. Qxh4 Rxh4 19. Bg2 gxf5 20. Ne2 Rg8 21.
Ng3 Ne5 22. Ra3 Ng7 23. f4 Nc4 24. Rb3 Na5 1-0

[Event "Thanksgiving op"]
[Site "Toronto CAN"]
[Date "2002.10.12"]
[Round "1"]
[White "Thavandiran, Shiyam"]
[Black "Aronov, Yuri"]
[Result "0-1"]
[WhiteElo "1977"]
[BlackElo "2243"]
[PlyCount "83"]
[EventDate "2002.10.12"]
[EventType "swiss"]
[EventRounds "6"]
[EventCountry "CAN"]

1. e4 c5 2. Nc3 Nc6 3. g3 g6 4. Bg2 Bg7 5. d3 d6 6. Be3 Rb8 7. Qd2 b5 8. Nge2
b4 9. Nd1 Qb6 10. O-O f5 11. Nf4 Nf6 12. h3 e6 13. Re1 O-O 14. exf5 gxf5 15.
Qe2 Bd7 16. Nh5 Nxh5 17. Qxh5 Nd4 18. Bxd4 cxd4 19. g4 Qd8 20. g5 Rc8 21. a3
Rxc2 22. axb4 Qb6 23. h4 Qxb4 24. Rf1 Be8 25. Qf3 Bc6 26. Qh3 Bxg2 27. Qxg2 a5
28. h5 Be5 29. b3 Kh8 30. Ra4 Qd2 31. Kh1 Rg8 32. Rg1 Rc1 33. Ne3 dxe3 34. g6
Rxg1+ 35. Qxg1 exf2 36. Qf1 Qe1 37. Kg2 hxg6 38. h6 Qxf1+ 39. Kxf1 Rb8 40. Rxa5
Rxb3 41. Ra8+ Kh7 42. Ra7+ 0-1

[Event "Thanksgiving op"]
[Site "Toronto CAN"]
[Date "2002.10.12"]
[Round "1"]
[White "Urquhart, Eddie"]
[Black "Benson, Chris"]
[Result "1/2-1/2"]
[WhiteElo "2278"]
[BlackElo "2054"]
[PlyCount "56"]
[EventDate "2002.10.12"]
[EventType "swiss"]
[EventRounds "6"]
[EventCountry "CAN"]

1. e4 e6 2. d4 d5 3. exd5 exd5 4. Bd3 Bd6 5. Nf3 Ne7 6. O-O Bg4 7. c3 Nbc6 8.
Nbd2 Qd7 9. b4 O-O 10. Qc2 Bf5 11. Nb3 Bxd3 12. Qxd3 Qf5 13. Qxf5 Nxf5 14. Bg5
h6 15. Bh4 a6 16. a4 Rfe8 17. Rfe1 Re4 18. Bg3 Nxg3 19. hxg3 Rae8 20. Kf1 Rxe1+
21. Nxe1 b6 22. Nc2 Kf8 23. a5 b5 24. Ne1 Nb8 25. Nd3 Nd7 26. Ra2 c6 27. Rd2 h5
28. Rc2 g6 1/2-1/2

[Event "Thanksgiving op"]
[Site "Toronto CAN"]
[Date "2002.10.12"]
[Round "2"]
[White "Aronov, Yuri"]
[Black "Kagramanov, Dina"]
[Result "1-0"]
[WhiteElo "2243"]
[BlackElo "2109"]
[PlyCount "59"]
[EventDate "2002.10.12"]
[EventType "swiss"]
[EventRounds "6"]
[EventCountry "CAN"]

1. d4 d5 2. c4 c6 3. Nf3 e6 4. Nc3 dxc4 5. a4 Bb4 6. e3 b5 7. Bd2 Qe7 8. axb5
Bxc3 9. Bxc3 cxb5 10. d5 Nf6 11. d6 Qb7 12. b3 cxb3 13. Qxb3 a6 14. Be2 Nbd7
15. O-O O-O 16. Ne5 Nd5 17. Bf3 Nc5 18. Qa3 Na4 19. Ba5 f6 20. Nd3 Qf7 21. Bxd5
exd5 22. Rac1 Ra7 23. Rfd1 Rd7 24. Rc7 Bb7 25. Rdc1 Ba8 26. Rxd7 Qxd7 27. Rc7
Qg4 28. d7 Qd1+ 29. Ne1 b4 30. Qxb4 1-0

[Event "Thanksgiving op"]
[Site "Toronto CAN"]
[Date "2002.10.12"]
[Round "2"]
[White "Buscar, Michael"]
[Black "Urquhart, Eddie"]
[Result "1/2-1/2"]
[WhiteElo "2057"]
[BlackElo "2278"]
[PlyCount "59"]
[EventDate "2002.10.12"]
[EventType "swiss"]
[EventRounds "6"]
[EventCountry "CAN"]

1. d4 Nf6 2. c4 e6 3. Nc3 Bb4 4. e3 c5 5. Bd3 O-O 6. Nge2 d5 7. O-O Nc6 8. a3
Bxc3 9. bxc3 b6 10. cxd5 exd5 11. Ng3 Re8 12. f3 Bb7 13. Re1 Rc8 14. Ra2 Na5
15. Rae2 cxd4 16. cxd4 Nc4 17. Qb3 Re7 18. Qb1 g6 19. Qa1 Na5 20. Bb2 Rec7 21.
Qd1 Nc4 22. Bxc4 Rxc4 23. e4 Qc7 24. Qd2 Rc2 25. Qg5 Rxe2 26. Rxe2 Qd8 27. Nf5
Nxe4 28. Qxd8+ Rxd8 29. fxe4 gxf5 30. exf5 1/2-1/2

[Event "Thanksgiving op"]
[Site "Toronto CAN"]
[Date "2002.10.12"]
[Round "2"]
[White "Findlay, Ian"]
[Black "Benson, Chris"]
[Result "1/2-1/2"]
[WhiteElo "2368"]
[BlackElo "2054"]
[PlyCount "68"]
[EventDate "2002.10.12"]
[EventType "swiss"]
[EventRounds "6"]
[EventCountry "CAN"]

1. e4 e6 2. d4 d5 3. Nd2 c5 4. exd5 exd5 5. Ngf3 Nc6 6. Bb5 Bd6 7. dxc5 Bxc5 8.
Nb3 Bd6 9. Qd4 Nf6 10. O-O O-O 11. Bxc6 bxc6 12. Bf4 Bxf4 13. Qxf4 Qb6 14. Ne5
Be6 15. c4 dxc4 16. Nxc4 Bxc4 17. Qxc4 Rfd8 18. Rac1 Rd6 19. Rfd1 Rad8 20. Rxd6
Rxd6 21. g3 h6 22. Kg2 Nd7 23. Re1 Qd8 24. Qf4 Nf6 25. Qf3 Rd5 26. Rc1 Qd6 27.
Qc3 Re5 28. Qxc6 Qxc6+ 29. Rxc6 Re2 30. Kf3 Rxb2 31. Ra6 Nd5 32. Rxa7 Nc3 33.
Nc1 Rc2 34. Nd3 Rxa2 1/2-1/2

[Event "Thanksgiving op"]
[Site "Toronto CAN"]
[Date "2002.10.12"]
[Round "2"]
[White "Harkes, Lewis"]
[Black "Smith, Hazel"]
[Result "1-0"]
[WhiteElo "2085"]
[BlackElo "1873"]
[PlyCount "65"]
[EventDate "2002.10.12"]
[EventType "swiss"]
[EventRounds "6"]
[EventCountry "CAN"]

1. e4 e6 2. d4 d5 3. e5 c5 4. c3 Nc6 5. Nf3 Qb6 6. a3 Nh6 7. b4 cxd4 8. cxd4
Nf5 9. Bb2 Bd7 10. Be2 Rc8 11. O-O h6 12. g4 Nfe7 13. Nbd2 Ng6 14. Nb3 Be7 15.
Bc1 f6 16. Bd3 Nf8 17. Re1 Qc7 18. Bf4 Qb6 19. Bg3 Nd8 20. Qb1 Bb5 21. Bg6+ Kd7
22. Nc5+ Bxc5 23. dxc5 Qc6 24. Nd4 Qa6 25. a4 Bc4 26. Bf4 Nxg6 27. Qxg6 Rg8 28.
b5 Qa5 29. exf6 Qc3 30. f7 Rf8 31. Nxe6 Rxf7 32. Nf8+ Rxf8 33. Qd6# 1-0

[Event "Thanksgiving op"]
[Site "Toronto CAN"]
[Date "2002.10.12"]
[Round "2"]
[White "Noritsyn, Nikolay"]
[Black "Kret, Ted"]
[Result "1-0"]
[WhiteElo "2093"]
[BlackElo "2198"]
[PlyCount "63"]
[EventDate "2002.10.12"]
[EventType "swiss"]
[EventRounds "6"]
[EventCountry "CAN"]

1. e4 g6 2. d4 Bg7 3. Nf3 d6 4. Nc3 Nf6 5. Be2 O-O 6. O-O Nbd7 7. e5 Ne8 8. Bf4
c6 9. Qd2 Qa5 10. Qe3 dxe5 11. dxe5 Nc7 12. Rfe1 Nb6 13. Bh6 Bf5 14. Bxg7 Kxg7
15. Nd4 Be6 16. a3 c5 17. Nxe6+ Nxe6 18. Qe4 Nd4 19. Bd3 Rfd8 20. Rad1 Rd7 21.
Ne2 Ne6 22. Nf4 Nxf4 23. Qxf4 Rad8 24. e6 Rd4 25. Qxf7+ Kh8 26. Qxe7 Nd5 27.
Qxb7 c4 28. e7 Nxe7 29. Qxe7 Qa6 30. Re6 cxd3 31. Rxa6 dxc2 32. Qxd8+ 1-0